| 000 | 00518nam a2200169 i 4500 | ||
|---|---|---|---|
| 001 | 55342 | ||
| 003 | ES-MaACL | ||
| 005 | 20230906163126.0 | ||
| 007 | t| | ||
| 008 | 030918s1922 fr ||||1| fre d | ||
| 100 | 1 |
_aDenis, Maurice. _943702 |
|
| 245 | 1 | 0 |
_aNouvelles theories sur l'art moderne sur l'art sacré _b: 1914-1921 / _cMaurice Denis. |
| 260 |
_a[S.l. : _bs.n., _c1922] ( _eAbbeville, Some : _fF. Paillart) |
||
| 300 |
_a290 p. ; _c20 cm. |
||
| 852 |
_aES-MaACL _jF-4695 _bR.5021 |
||
| 852 |
_aES-MaACL _jF-4634 |
||
| 999 |
_c55342 _d55342 |
||